000 02598nam a22002537a 4500
005 20240305165457.0
007 cr|||| ||||
008 171122s2017 cu |||||s|||| 00||0 spa d
020 _a978-959-7219-44-6
035 _a20851
040 _avLex
090 _c7224
_d7224
100 1 _aMedina, Cuenca Arnel
245 1 0 _aInterrogantes, Alternativas y Desafíos en clave de Derecho penal y Criminología
_h[Disponible solo en los productos indicados] /
_cArnel Medina Cuenca
256 _aServicio en línea
260 _aCiudad de La Habana:
_bUnión Nacional de Juristas de Cuba,
_c2017
300 _a1 recurso electrónico
500 _aLa Editorial UNIJURIS de la Unión Nacional de Juristas de Cuba, les presenta el libro: “Interrogantes, Alternativas y Desafíos en clave de Derecho penal y Criminología. Libro Homenaje al Prof. Dr. Miguel Olmedo Cardenete”, publicado con el número 10 de la Serie Ciencias Penales y Criminológicas. Siguiendo una tradición iniciada en el año 2015, la Sociedad cubana de Ciencias Penales, presenta un Libro Homenaje al profesor que ha sido objeto de reconocimiento por su obra académica y la colaboración con los penalistas cubanos, en el año precedente. Se trata del cuarto libro, que será presentado en la semana del 10 al 14 de julio de 2017, en la decimotercera edición de la “Escuela de Verano de La Habana, sobre Temas Penales Contemporáneos”. La obra que ponemos a disposición de los lectores se integra a los propósitos de los que en el marco de la Escuela de Verano de La Habana sobre Temas penales contemporáneos, aspiramos a diseñar, desde la doctrina, una justicia que como el mundo siempre es posible que sea mejor, al compartir junto a ustedes puntos de vistas y perspectivas, valoraciones criminológicas y sociales que de manera significativa impactan en el Derecho penal y que requieren de un pensamiento inteligente y creador que logre junto a la necesaria estabilidad y seguridad ciudadana, continuar manteniendo el Derecho penal en límites razonables alejado de los dogmas y de los esnobismos.
506 1 _aDisponible solo en los productos indicados
_dvLex Global
_dvLex Global (Academic Edition, excluding Law Schools)
_dvLex Global (U.S. Academic Edition, Law Schools)
_dvLex Global (U.S. Academic Edition, excluding Law Schools)
_dvLex Global (Academic Edition, Law Schools)
650 0 4 _aDerecho penal
_zCuba
740 0 _avLex Libros (Servicio en línea)
856 4 0 _uhttps://app.vlex.com/#/sources/interrogantes-alternativas-y-desafios-en-clave-de-derecho-penal-y-criminologia-20851
942 _cRAA
999 _c165464
_d165464